100 Biggest Cities in Texas on a Map - Statistics

General Stats
  • This quiz has been taken 1,382 times
  • The average score is 54 of 100
Answers on the Map
Answers color-coded by a green-red scale on the quiz's map according to % correct below.
 
Answer Stats
Population Cities % Correct
961,855 Austin
99%
1,304,379 Dallas
98%
678,815 El Paso
98%
2,304,580 Houston
98%
1,434,625 San Antonio
98%
918,915 Fort Worth
97%
317,863 Corpus Christi
95%
200,393 Amarillo
93%
257,141 Lubbock
93%
138,486 Waco
91%
394,266 Arlington
90%
186,738 Brownsville
89%
255,205 Laredo
89%
142,210 McAllen
87%
285,494 Plano
85%
132,524 Midland
84%
114,428 Odessa
84%
53,695 Galveston
83%
125,182 Abilene
81%
120,511 College Station
81%
256,684 Irving
81%
246,018 Garland
79%
36,193 Texarkana
79%
115,282 Beaumont
77%
119,468 Round Rock
77%
102,316 Wichita Falls
77%
139,869 Denton
76%
105,995 Tyler
76%
153,095 Killeen
75%
200,509 Frisco
74%
195,308 McKinney
72%
196,100 Grand Prairie
71%
111,026 Sugar Land
71%
151,950 Pasadena
70%
99,893 San Angelo
69%
150,108 Mesquite
67%
104,627 Allen
66%
90,403 New Braunfels
66%
133,434 Carrollton
63%
125,828 Pearland
63%
119,469 Richardson
61%
100,243 Edinburg
57%
114,392 League City
57%
67,553 San Marcos
57%
82,073 Temple
56%
51,898 Texas City
56%
114,436 The Woodlands
56%
65,534 Victoria
56%
83,980 Bryan
55%
111,822 Lewisville
55%
56,039 Port Arthur
55%
81,638 Longview
53%
89,956 Conroe
51%
67,176 Georgetown
47%
71,829 Harlingen
44%
43,645 Sherman
44%
50,631 Grapevine
43%
85,778 Mission
43%
83,701 Baytown
42%
75,956 Flower Mound
42%
74,259 Missouri City
42%
65,191 Pflugerville
42%
79,715 Pharr
40%
56,145 DeSoto
36%
45,941 Huntsville
36%
72,602 Mansfield
36%
62,559 Spring
36%
77,595 Cedar Park
35%
61,032 Euless
35%
69,917 North Richland Hills
35%
45,697 Kyle
34%
47,251 Rockwall
34%
41,140 Waxahachie
33%
59,202 Leander
29%
62,535 Rowlett
29%
44,534 The Colony
29%
49,928 Bedford
28%
47,641 Burleson
27%
40,706 Duncanville
27%
57,526 Wylie
27%
42,983 Coppell
26%
45,776 Keller
26%
41,275 Lancaster
26%
40,160 Weslaco
26%
49,148 Cedar Hill
25%
35,991 Farmers Branch
25%
46,073 Haltom City
24%
46,453 Little Elm
24%
36,670 Copperas Cove
23%
35,125 Midlothian
23%
41,213 Friendswood
22%
40,413 Hurst
22%
35,294 San Juan
22%
42,002 Schertz
22%
38,282 Rosenberg
21%
88,174 Atascocita
20%
35,124 La Porte
19%
45,688 Channelview
17%
36,914 Mission Bend
14%
35,217 Timberwood Park
11%
No matching quizzes found
Score Distribution
Percent of People with Each Score
Percentile by Number Answered
Your Score History
You have not taken this quiz